| 000 | 00870nam a22002897a 4500 | ||
|---|---|---|---|
| 003 | CHAP | ||
| 005 | 20220329141555.0 | ||
| 008 | 971013s1970 r 00010 d | ||
| 010 | _a70360 | ||
| 011 | _a71332 | ||
| 035 | _a80886 | ||
| 040 | _cCHAP | ||
| 082 |
_a530 _bE3Y |
||
| 100 | 0 | 0 |
_aEducation Development Center. Newton, Mass. _935696 |
| 245 |
_aCiencias físicas _b: introducción experimental |
||
| 250 | _aEd. Latinoamericana | ||
| 260 |
_aCali : _bEd. Norma, _c1970 |
||
| 300 |
_a172 p. _b: ilus. |
||
| 590 |
_aBATCH-UPD _b10 _c20130110 _lUCH01 _h0455 |
||
| 590 |
_aBATCH-UPD _b10 _c20130410 _lUCH01 _h0132 |
||
| 590 |
_aBATCH-UPD _b10 _c20130914 _lUCH01 _h1247 |
||
| 590 |
_aCONVERSION _b10 _c20130109 _lUCH01 _h1339 |
||
| 650 | 1 | 4 |
_aFísica. _941975 |
| 901 | _aBK | ||
| 942 | _cLIBRO | ||
| 949 |
_a530 E3Y _bBC _cLIBRO _d33724000438461 _eLIBRO _h42202 _i80886 _mD _si |
||
| 999 |
_c70360 _d70360 |
||